[Event "Ceske Budejovice op-A"]
[Site "Ceske Budejovice"]
[Date "2023.07.02"]
[Round "2"]
[White "Ermitsch, Michael"]
[Black "Maryasin, Boris Feliksovich"]
[Result "1/2-1/2"]
[WhiteElo "2024"]
[BlackElo "2266"]
[PlyCount "153"]
[EventDate "2023.07.01"]
[EventType "swiss"]
[EventRounds "9"]
[EventCountry "CZE"]
[SourceTitle "CBM 215 Extra"]
[Source "ChessBase"]
[SourceDate "2023.09.30"]
[SourceVersion "1"]
[SourceVersionDate "2023.09.30"]
[SourceQuality "1"]

1. e4 c5 2. Nf3 e6 3. d4 cxd4 4. Nxd4 Nc6 5. Nc3 Qc7 6. g3 a6 7. Bg2 Nf6 8. 0-0 Nxd4 9. Qxd4 Bc5 10. Bf4 d6 11. Qd2 h6 12. Rad1 e5 13. Be3 Bxe3 14. Qxe3 Be6 15. Rd2 0-0 16. Rfd1 Rfd8 17. a4 Rab8 18. Qa7 Ra8 19. Qe3 b6 20. h3 Kf8 21. f4 Ke7 22. fxe5 dxe5 23. Nd5+ Bxd5 24. exd5 Qd6 25. b4 a5 26. bxa5 Rxa5 27. Rb1 Nd7 28. Bf1 Rxa4 29. Bb5 Ra3 30. Rb3 Rxb3 31. Qxb3 Qc5+ 32. Kg2 Nf6 33. c4 Ne4 34. Ra2 Kf8 35. Re2 Qd4 36. Bc6 Kg8 37. Qe3 f5 38. g4 Qxe3 39. Rxe3 g6 40. gxf5 gxf5 41. d6 Rxd6 42. Bxe4 fxe4 43. Rxe4 Re6 44. Kf3 Kf7 45. Rh4 Rc6 46. Ke3 Kg6 47. Rg4+ Kf5 48. Rh4 Re6 49. Kf3 Rf6 50. Ke3 Ke6 51. Rh5 Kd6 52. h4 Kc5 53. Rxe5+ Kxc4 54. Kd2 b5 55. Kc2 Rf2+ 56. Kb1 b4 57. Re4+ Kb3 58. Re3+ Ka4 59. Rh3 b3 60. h5 Ka3 61. Rh1 Rf4 62. Ka1 Kb4 63. Kb2 Rf2+ 64. Kb1 Kc4 65. Rh3 b2 66. Re3 Rh2 67. Re6 Rxh5 68. Kxb2 Kd5 69. Ra6 Ke4 70. Kc2 Ke3 71. Re6+ Kf2 72. Kd3 Rh3+ 73. Kd2 h5 74. Re2+ Kf3 75. Re3+ Kg4 76. Re4+ Kf5 77. Ra4 1/2-1/2

[Event "Wch Seniors 65 30th"]
[Site "Assisi"]
[Date "2022.11.23"]
[Round "8"]
[White "Hebert, Jean"]
[Black "Maryasin, Boris Feliksovich"]
[Result "1/2-1/2"]
[WhiteElo "2333"]
[BlackElo "2258"]
[PlyCount "86"]
[EventDate "2022.11.15"]
[EventType "swiss"]
[EventRounds "11"]
[EventCountry "ITA"]
[SourceTitle "CBM 211 Extra"]
[Source "ChessBase"]
[SourceDate "2023.01.31"]
[SourceVersion "1"]
[SourceVersionDate "2023.01.31"]
[SourceQuality "1"]

1. d4 Nf6 2. c4 e6 3. Nc3 Bb4 4. Qc2 Nc6 5. Nf3 d6 6. a3 Bxc3+ 7. Qxc3 Qe7 8. g3 e5 9. dxe5 dxe5 10. Bg2 a5 11. b3 0-0 12. 0-0 Re8 13. Bb2 Bf5 14. Nh4 Bg4 15. Rfe1 Nd4 16. f3 Bd7 17. e3 Nc6 18. e4 Nd4 19. Qd3 c5 20. Bxd4 cxd4 21. f4 exf4 22. gxf4 Nxe4 23. Nf3 f5 24. Qxd4 Bc6 25. Ne5 Rad8 26. Qe3 Rd6 27. b4 g5 28. Nf3 Re6 29. Nd4 Rg6 30. Nxc6 bxc6 31. fxg5 axb4 32. axb4 Qxb4 33. h4 Qxc4 34. Rac1 Qb4 35. Qf4 Qd4+ 36. Kh2 Qd6 37. Rf1 Rf8 38. Rce1 c5 39. Bxe4 fxe4 40. Qxd6 Rxd6 41. Rxf8+ Kxf8 42. Rxe4 Rc6 43. Rc4 Rd6 1/2-1/2

[Event "Wch Seniors 65 30th"]
[Site "Assisi"]
[Date "2022.11.17"]
[Round "3"]
[White "Maryasin, Boris Feliksovich"]
[Black "Ponce Navalon, Jose"]
[Result "1-0"]
[WhiteElo "2258"]
[BlackElo "2134"]
[PlyCount "131"]
[EventDate "2022.11.15"]
[EventType "swiss"]
[EventRounds "11"]
[EventCountry "ITA"]
[SourceTitle "CBM 211 Extra"]
[Source "ChessBase"]
[SourceDate "2023.01.31"]
[SourceVersion "1"]
[SourceVersionDate "2023.01.31"]
[SourceQuality "1"]

1. e4 e5 2. Nf3 Nc6 3. Bb5 a6 4. Ba4 Nf6 5. 0-0 Be7 6. Re1 b5 7. Bb3 d6 8. c3 0-0 9. d4 Bg4 10. d5 Na5 11. Bc2 c6 12. h3 Bh5 13. dxc6 Qc7 14. Nbd2 Nxc6 15. Nf1 Rac8 16. Ng3 Bg6 17. Nh4 d5 18. Nxg6 hxg6 19. exd5 Rfd8 20. Bb3 Na5 21. Qe2 Nxb3 22. axb3 Rxd5 23. Rxa6 Rcd8 24. Be3 Bc5 25. b4 Bxe3 26. Qxe3 Rd1 27. Ra1 Nd5 28. Qe2 Nf4 29. Qxb5 R1d5 30. Qf1 Rd2 31. Rad1 Qc6 32. Rxd2 Rxd2 33. b5 Qb7 34. Ne4 Rxb2 35. g3 Ne6 36. Rb1 Qxe4 37. Rxb2 Ng5 38. f3 Nxf3+ 39. Kf2 Ng5 40. Qg2 Qd3 41. Re2 Qxb5 42. h4 Qb6+ 43. Re3 Ne6 44. Qe4 Nc5 45. Qc4 e4 46. Kg2 Nd3 47. Qxe4 Qb2+ 48. Re2 Qxc3 49. Qe8+ Kh7 50. Qxf7 Ne1+ 51. Kf2 Nd3+ 52. Kg1 Ne5 53. Qf4 Nf3+ 54. Kf2 Nd4 55. Rd2 Nb3 56. Rd6 Qc2+ 57. Kf3 Nc1 58. Qe4 Qb3+ 59. Kg2 Qa2+ 60. Kh3 Qf7 61. h5 Qf5+ 62. Qxf5 gxf5 63. Kh4 Ne2 64. Rd5 f4 65. g4 Ng1 66. g5 1-0

[Event "Ceske Budejovice op-A"]
[Site "Ceske Budejovice"]
[Date "2022.07.09"]
[Round "9"]
[White "Panjer, Sidney"]
[Black "Maryasin, Boris Feliksovich"]
[Result "1/2-1/2"]
[WhiteElo "2140"]
[BlackElo "2260"]
[PlyCount "65"]
[EventDate "2022.07.01"]
[EventType "swiss"]
[EventRounds "9"]
[EventCountry "CZE"]
[SourceTitle "CBM 209 Extra"]
[Source "ChessBase"]
[SourceDate "2022.09.30"]
[SourceVersion "1"]
[SourceVersionDate "2022.09.30"]
[SourceQuality "1"]

1. Nf3 Nf6 2. c4 g6 3. Nc3 Bg7 4. e4 0-0 5. d4 d6 6. Be2 Na6 7. 0-0 e5 8. Re1 exd4 9. Nxd4 Nc5 10. Bf1 Re8 11. f3 c6 12. Be3 a5 13. Qd2 Qc7 14. Rad1 b6 15. b3 Bb7 16. a3 Rad8 17. b4 axb4 18. axb4 Ne6 19. b5 Nxd4 20. Bxd4 c5 21. Bf2 Nd7 22. Nd5 Bxd5 23. Qxd5 Be5 24. g3 Nf8 25. Bh3 Ne6 26. Bxe6 fxe6 27. Qd3 g5 28. Be3 Qg7 29. Kh1 Qf6 30. Rf1 Qe7 31. f4 gxf4 32. gxf4 Bg7 33. Rg1 1/2-1/2

[Event "Ceske Budejovice op-A"]
[Site "Ceske Budejovice"]
[Date "2022.07.03"]
[Round "3"]
[White "Sykora, Ondrej"]
[Black "Maryasin, Boris Feliksovich"]
[Result "1/2-1/2"]
[WhiteElo "2099"]
[BlackElo "2260"]
[PlyCount "84"]
[EventDate "2022.07.01"]
[EventType "swiss"]
[EventRounds "9"]
[EventCountry "CZE"]
[SourceTitle "CBM 209 Extra"]
[Source "ChessBase"]
[SourceDate "2022.09.30"]
[SourceVersion "1"]
[SourceVersionDate "2022.09.30"]
[SourceQuality "1"]

1. e4 c5 2. c3 Nf6 3. e5 Nd5 4. d4 cxd4 5. Nf3 e6 6. cxd4 b6 7. Bd3 Bb7 8. a3 d6 9. 0-0 Nd7 10. exd6 Bxd6 11. Nc3 Nxc3 12. bxc3 Rc8 13. Bb2 Qf6 14. Re1 Bxf3 15. Qxf3 Qxf3 16. gxf3 0-0 17. a4 Nf6 18. c4 Rfd8 19. Red1 a5 20. Bf1 Nd7 21. Bc3 e5 22. d5 Nc5 23. Rdb1 Bc7 24. Bd2 Rd6 25. Be3 Bd8 26. Rb5 Nd7 27. Rc1 f5 28. Ra1 Rg6+ 29. Kh1 Bg5 30. Bd3 Bxe3 31. fxe3 Rf6 32. Bf1 g5 33. Rb2 Kf7 34. Rg2 Rg6 35. Bd3 Kf6 36. Rag1 Rcg8 37. e4 h6 38. h3 h5 39. Rb1 g4 40. hxg4 hxg4 41. fxg4 Rxg4 42. Rxg4 Rxg4 1/2-1/2

[Event "Ceske Budejovice op-A"]
[Site "Ceske Budejovice"]
[Date "2022.07.01"]
[Round "1"]
[White "Toman, Jan1111"]
[Black "Maryasin, Boris Feliksovich"]
[Result "0-1"]
[WhiteElo "1906"]
[BlackElo "2260"]
[PlyCount "50"]
[EventDate "2022.07.01"]
[EventType "swiss"]
[EventRounds "9"]
[EventCountry "CZE"]
[SourceTitle "CBM 209 Extra"]
[Source "ChessBase"]
[SourceDate "2022.09.30"]
[SourceVersion "1"]
[SourceVersionDate "2022.09.30"]
[SourceQuality "1"]

1. e4 c5 2. c3 Nf6 3. e5 Nd5 4. Nf3 d6 5. exd6 Qxd6 6. d4 g6 7. Na3 a6 8. Bc4 Be6 9. dxc5 Qxc5 10. Qd4 Qxd4 11. Nxd4 Bg7 12. Nxe6 fxe6 13. Be2 Nxc3 14. Bg4 Kf7 15. 0-0 h5 16. Bf3 Nd5 17. Rd1 Nc6 18. Nc4 Rad8 19. Be3 b5 20. Nb6 Nxe3 21. fxe3 Nb4 22. Be4 Bxb2 23. Rab1 Rxd1+ 24. Rxd1 Nxa2 25. Rd2 Nc3 0-1

[Event "Hradec Kralove op 11th"]
[Site "Hradec Kralove"]
[Date "2021.11.10"]
[Round "6"]
[White "Plischki, Sebastian"]
[Black "Maryasin, Boris Feliksovich"]
[Result "1-0"]
[WhiteElo "2368"]
[BlackElo "2286"]
[PlyCount "61"]
[EventDate "2021.11.06"]
[EventType "swiss"]
[EventRounds "9"]
[EventCountry "CZE"]
[SourceTitle "CBM 205 Extra"]
[Source "ChessBase"]
[SourceDate "2022.01.31"]
[SourceVersion "1"]
[SourceVersionDate "2022.01.31"]
[SourceQuality "1"]

1. d4 d5 2. c4 dxc4 3. e4 Nc6 4. Nf3 Bg4 5. d5 Ne5 6. Nc3 Nf6 7. Be3 b5 8. Nxb5 c6 9. Nc3 e6 10. Qa4 Bxf3 11. gxf3 exd5 12. 0-0-0 Qd7 13. exd5 cxd5 14. Qxd7+ Kxd7 15. Nxd5 Nxd5 16. Rxd5+ Ke6 17. Ra5 a6 18. f4 Nd3+ 19. Bxd3 cxd3 20. f5+ Kd7 21. Rd1 Bd6 22. Rxd3 Rhc8+ 23. Kd1 Ke7 24. Rad5 Bxh2 25. Bc5+ Kf6 26. Bd4+ Kg5 27. f6+ Kg6 28. fxg7 Rd8 29. Rxd8 Rxd8 30. Ke2 Bf4 31. Be5 1-0

[Event "Hradec Kralove op 11th"]
[Site "Hradec Kralove"]
[Date "2021.11.09"]
[Round "5"]
[White "Maryasin, Boris Feliksovich"]
[Black "Lambrecht, Tomasz"]
[Result "1-0"]
[WhiteElo "2286"]
[BlackElo "1876"]
[PlyCount "118"]
[EventDate "2021.11.06"]
[EventType "swiss"]
[EventRounds "9"]
[EventCountry "CZE"]
[SourceTitle "CBM 205 Extra"]
[Source "ChessBase"]
[SourceDate "2022.01.31"]
[SourceVersion "1"]
[SourceVersionDate "2022.01.31"]
[SourceQuality "1"]

1. e4 c5 2. Nf3 d6 3. d4 cxd4 4. Nxd4 Nf6 5. Nc3 a6 6. f4 e5 7. Nf3 Nbd7 8. Bd3 b5 9. 0-0 Be7 10. Qe1 0-0 11. a4 b4 12. Nd5 Nxd5 13. exd5 Bb7 14. fxe5 Bxd5 15. exd6 Bxd6 16. Bg5 Qb6+ 17. Kh1 Nc5 18. Bf5 Rfe8 19. Qh4 g6 20. Bh6 Be7 21. Qd4 Qf6 22. Qxd5 gxf5 23. Bg5 Qe6 24. Rad1 Rad8 25. Qxe6 fxe6 26. Bxe7 Rxd1 27. Rxd1 Rxe7 28. a5 Rd7 29. Rxd7 Nxd7 30. Nd4 Nc5 31. b3 Nb7 32. Nc6 Kf7 33. Nxb4 Nxa5 34. Nxa6 Kf6 35. Kg1 Ke5 36. Kf2 Kd4 37. Nc7 e5 38. Nb5+ Kc5 39. Nc3 Nc6 40. Ne2 Nb4 41. c3 Nd5 42. h3 Nf6 43. Kf3 Nd5 44. g4 f4 45. Ke4 Kd6 46. g5 Ke6 47. h4 Ne7 48. h5 Nc8 49. Nxf4+ exf4 50. Kxf4 Nd6 51. c4 Nf5 52. b4 Nd6 53. c5 Nb5 54. Ke4 Nc7 55. c6 Nb5 56. g6 h6 57. g7 Nd6+ 58. Kf4 Kf7 59. Ke5 Nb5 1-0

[Event "ISR-chT"]
[Site "Israel"]
[Date "2020.09.04"]
[Round "9.3"]
[White "Maryasin, Boris Feliksovich"]
[Black "Bykhovsky, Avigdor"]
[Result "1/2-1/2"]
[WhiteElo "2315"]
[BlackElo "2403"]
[PlyCount "23"]
[EventDate "2020.01.10"]
[EventType "team-tourn"]
[EventRounds "11"]
[EventCountry "ISR"]
[SourceTitle "EXT 2021"]
[Source "ChessBase"]
[SourceDate "2020.10.23"]
[SourceVersion "1"]
[SourceVersionDate "2020.10.23"]
[SourceQuality "1"]
[WhiteTeam "Ashdod A"]
[BlackTeam "Petah Tikva Elitzur Dov"]
[WhiteTeamCountry "ISR"]
[BlackTeamCountry "ISR"]

1. e4 c6 2. d4 d5 3. exd5 cxd5 4. Bd3 Nc6 5. c3 Nf6 6. Bf4 g6 7. Nf3 Bg7 8. h3 0-0 9. 0-0 Bf5 10. Bxf5 gxf5 11. Nbd2 e6 12. Ne5 1/2-1/2

[Event "Wch Seniors 65 29th"]
[Site "Bucharest"]
[Date "2019.11.23"]
[Round "11"]
[White "Jansa, Vlastimil"]
[Black "Maryasin, Boris Feliksovich"]
[Result "1/2-1/2"]
[WhiteElo "2436"]
[BlackElo "2301"]
[PlyCount "70"]
[EventDate "2019.11.12"]
[EventType "swiss"]
[EventRounds "11"]
[EventCountry "ROU"]
[SourceTitle "CBM 193 Extra"]
[Source "ChessBase"]
[SourceDate "2020.01.31"]
[SourceVersion "1"]
[SourceVersionDate "2020.01.31"]
[SourceQuality "1"]

1. e4 c5 2. Nf3 Nc6 3. Bb5 g6 4. 0-0 Bg7 5. c3 Nf6 6. Re1 0-0 7. h3 Qb6 8. Na3 d5 9. e5 Ne8 10. d3 Nc7 11. Ba4 Bf5 12. Bc2 Rfd8 13. d4 Bxc2 14. Nxc2 Ne6 15. b3 cxd4 16. Ncxd4 Ncxd4 17. cxd4 Rac8 18. Be3 Rc6 19. Qd2 Rdc8 20. Rac1 f6 21. Rxc6 Rxc6 22. h4 h5 23. g3 Kf7 24. Kg2 Qc7 25. Re2 a5 26. Qd3 Rc3 27. Qb5 Qc6 28. Qxc6 bxc6 29. exf6 exf6 30. Rd2 Bf8 31. Ne1 Bb4 32. Nc2 Bd6 33. Ne1 Bb4 34. Nc2 Bd6 35. Ne1 Bb4 1/2-1/2

[Event "Wch Seniors 65 29th"]
[Site "Bucharest"]
[Date "2019.11.20"]
[Round "8"]
[White "Lind, Jan Olov"]
[Black "Maryasin, Boris Feliksovich"]
[Result "0-1"]
[WhiteElo "2148"]
[BlackElo "2301"]
[PlyCount "172"]
[EventDate "2019.11.12"]
[EventType "swiss"]
[EventRounds "11"]
[EventCountry "ROU"]
[SourceTitle "CBM 193 Extra"]
[Source "ChessBase"]
[SourceDate "2020.01.31"]
[SourceVersion "1"]
[SourceVersionDate "2020.01.31"]
[SourceQuality "1"]

1. e4 c5 2. Nf3 Nc6 3. d3 g6 4. g3 Bg7 5. Bg2 e5 6. 0-0 Nge7 7. c3 0-0 8. a3 d6 9. b4 a6 10. Nbd2 h6 11. Rb1 f5 12. Ne1 cxb4 13. axb4 Be6 14. Qe2 d5 15. Nc2 b5 16. Re1 Rc8 17. Bb2 Qb6 18. Ne3 Rcd8 19. Nxd5 Nxd5 20. exd5 Bxd5 21. Bxd5+ Rxd5 22. c4 Rd7 23. Nf3 bxc4 24. dxc4 e4 25. Bxg7 Rxg7 26. b5 Nd8 27. Nd2 Ne6 28. Qe3 Qxe3 29. Rxe3 Rd7 30. Nf1 Rb8 31. Ra3 axb5 32. cxb5 Rdb7 33. Ra6 Rb6 34. Rd1 Nc5 35. Rd8+ Kf7 36. Ra7+ R8b7 37. Raa8 Ne6 38. Rh8 h5 39. Ne3 Rxb5 40. Nc4 Kf6 41. Rhc8 Rc5 42. Rxc5 Nxc5 43. Rc8 Nd3 44. Rc6+ Kg7 45. h4 Ra7 46. Kg2 Ra2 47. Rc7+ Kf6 48. Rc6+ Kf7 49. Kg1 Re2 50. Rb6 Rc2 51. Rc6 Ra2 52. Rb6 Kg7 53. Rb7+ Kh6 54. Nd6 Nxf2 55. Nf7+ Kg7 56. Ng5+ Kf8 57. Nh7+ Ke8 58. Nf6+ Kd8 59. Rd7+ Kc8 60. Rg7 Nd3 61. Nd5 Ne5 62. Ne7+ Kd8 63. Nd5 Rd2 64. Rg8+ Kd7 65. Ne3 Ke7 66. Ra8 Ng4 67. Nxg4 hxg4 68. Ra6 Kf7 69. Kf1 e3 70. Ra3 Rf2+ 71. Kg1 Rf3 72. Kg2 e2 73. Ra1 Rf1 74. Rxf1 exf1Q+ 75. Kxf1 Kf6 76. Kf2 Ke5 77. Ke3 f4+ 78. gxf4+ Kf5 79. Ke2 Kxf4 80. Kf2 g3+ 81. Kg2 Kg4 82. Kg1 Kxh4 83. Kg2 Kg4 84. Kg1 Kh3 85. Kh1 g5 86. Kg1 g2 0-1

[Event "Wch Seniors 65 29th"]
[Site "Bucharest"]
[Date "2019.11.16"]
[Round "5"]
[White "Schouten, Nico"]
[Black "Maryasin, Boris Feliksovich"]
[Result "1/2-1/2"]
[WhiteElo "2127"]
[BlackElo "2301"]
[PlyCount "60"]
[EventDate "2019.11.12"]
[EventType "swiss"]
[EventRounds "11"]
[EventCountry "ROU"]
[SourceTitle "CBM 193 Extra"]
[Source "ChessBase"]
[SourceDate "2020.01.31"]
[SourceVersion "1"]
[SourceVersionDate "2020.01.31"]
[SourceQuality "1"]

1. d4 e6 2. Nf3 c5 3. e3 Nf6 4. Be2 b6 5. 0-0 Bb7 6. b3 Be7 7. Bb2 0-0 8. c4 d5 9. Nc3 Nbd7 10. Rc1 Rc8 11. cxd5 Nxd5 12. Nxd5 Bxd5 13. dxc5 Nxc5 14. Bd4 f6 15. Bb2 e5 16. b4 e4 17. Ne1 Nd3 18. Nxd3 exd3 19. Qxd3 Bxa2 20. b5 Rxc1 21. Rxc1 Qxd3 22. Bxd3 Rd8 23. Bf1 Bb3 24. Bd4 Rd7 25. Be2 Bd6 26. g3 Rc7 27. Rxc7 Bxc7 28. f4 Kf7 29. Kf2 Bd6 30. e4 Bb4 1/2-1/2

[Event "Wch Seniors 65 29th"]
[Site "Bucharest"]
[Date "2019.11.13"]
[Round "2"]
[White "Maryasin, Boris Feliksovich"]
[Black "Mayer, Roland1111"]
[Result "1/2-1/2"]
[WhiteElo "2301"]
[BlackElo "2078"]
[PlyCount "65"]
[EventDate "2019.11.12"]
[EventType "swiss"]
[EventRounds "11"]
[EventCountry "ROU"]
[SourceTitle "CBM 193 Extra"]
[Source "ChessBase"]
[SourceDate "2020.01.31"]
[SourceVersion "1"]
[SourceVersionDate "2020.01.31"]
[SourceQuality "1"]

1. e4 e5 2. Nf3 Nc6 3. Bb5 a6 4. Ba4 Nf6 5. 0-0 Be7 6. Bxc6 dxc6 7. d3 Nd7 8. Nbd2 c5 9. Nc4 Bd6 10. a4 0-0 11. Bg5 f6 12. Bd2 Re8 13. Nh4 Nf8 14. Qh5 g6 15. Qh6 Qe7 16. f4 Qg7 17. fxe5 Qxh6 18. Bxh6 fxe5 19. Nf3 Bd7 20. Bxf8 Bxf8 21. Ncxe5 Be6 22. c3 Bg7 23. d4 cxd4 24. cxd4 c5 25. dxc5 Bb3 26. Nd3 Rxe4 27. Nd2 Rd4 28. Nxb3 Rxd3 29. Rf3 Rad8 30. Raf1 Bxb2 31. Rb1 Rxf3 32. gxf3 Ba3 33. Kg2 1/2-1/2

[Event "Minsk Kupreichik Memorial rapid"]
[Site "Minsk"]
[Date "2019.08.16"]
[Round "5"]
[White "Maryasin, Boris Feliksovich"]
[Black "Mustaps, Matiss"]
[Result "0-1"]
[WhiteElo "2302"]
[BlackElo "2381"]
[PlyCount "66"]
[EventDate "2019.08.15"]
[EventType "swiss (rapid)"]
[EventRounds "10"]
[EventCountry "BLR"]
[SourceTitle "CBM 191 Extra"]
[Source "ChessBase"]
[SourceDate "2019.09.30"]
[SourceVersion "1"]
[SourceVersionDate "2019.09.30"]
[SourceQuality "1"]

1. e4 c5 2. Nc3 Nc6 3. g3 g6 4. Bg2 Bg7 5. d3 d6 6. Be3 e6 7. Qd2 Rb8 8. Nf3 e5 9. Nd5 Nge7 10. c3 Nxd5 11. exd5 Ne7 12. Bg5 h6 13. Bxe7 Qxe7 14. 0-0 0-0 15. Rae1 f5 16. Nh4 Qf6 17. f4 exf4 18. Nf3 fxg3 19. hxg3 Bd7 20. d4 b6 21. Qd3 a5 22. Qa6 Qf7 23. dxc5 Qxd5 24. Kh1 Bc8 25. Qb5 Qxc5 26. Qb3+ Kh7 27. Re7 Rb7 28. Ng5+ hxg5 29. Bxb7 Bxb7+ 30. Kh2 Bd5 31. Qd1 Rh8 32. Qd4 Qxd4 33. cxd4 Kg8+ 0-1

[Event "Minsk Kupreichik Memorial rapid"]
[Site "Minsk"]
[Date "2019.08.16"]
[Round "6"]
[White "Romanovskij, Nikita"]
[Black "Maryasin, Boris Feliksovich"]
[Result "0-1"]
[WhiteElo "1869"]
[BlackElo "2302"]
[PlyCount "86"]
[EventDate "2019.08.15"]
[EventType "swiss (rapid)"]
[EventRounds "10"]
[EventCountry "BLR"]
[SourceTitle "CBM 191 Extra"]
[Source "ChessBase"]
[SourceDate "2019.09.30"]
[SourceVersion "1"]
[SourceVersionDate "2019.09.30"]
[SourceQuality "1"]

1. d4 d5 2. c4 dxc4 3. Nf3 Nf6 4. e3 b5 5. a4 b4 6. Bxc4 e6 7. 0-0 Bb7 8. Qe2 Be7 9. a5 0-0 10. Nbd2 c5 11. dxc5 Nbd7 12. a6 Bxf3 13. Nxf3 Nxc5 14. Rd1 Qb6 15. b3 Nfe4 16. Bb2 Bf6 17. Bxf6 Nxf6 18. Rd4 Rad8 19. Rad1 Rxd4 20. Rxd4 Nfe4 21. Qc2 Nc3 22. Rh4 g6 23. Qd2 Nxa6 24. Bxa6 Qxa6 25. Rxb4 Nd5 26. Rc4 Rb8 27. Qd1 Rxb3 28. Rc1 Qd3 29. Qxd3 Rxd3 30. Ra1 Nc3 31. Kf1 Rd1+ 32. Rxd1 Nxd1 33. Ke2 Nc3+ 34. Kd3 Nd5 35. Kc4 Kg7 36. Nd4 a5 37. e4 Nf4 38. g3 Nh3 39. f4 g5 40. fxg5 Nxg5 41. e5 Kg6 42. g4 Ne4 43. Ne2 Kg5 0-1

[Event "Minsk Kupreichik Memorial rapid"]
[Site "Minsk"]
[Date "2019.08.15"]
[Round "1"]
[White "Maryasin, Boris Feliksovich"]
[Black "Drobyshevsky, Vasily"]
[Result "1-0"]
[WhiteElo "2302"]
[BlackElo "1441"]
[PlyCount "113"]
[EventDate "2019.08.15"]
[EventType "swiss (rapid)"]
[EventRounds "10"]
[EventCountry "BLR"]
[SourceTitle "CBM 191 Extra"]
[Source "ChessBase"]
[SourceDate "2019.09.30"]
[SourceVersion "1"]
[SourceVersionDate "2019.09.30"]
[SourceQuality "1"]

1. e4 d5 2. exd5 Qxd5 3. Nc3 Qe5+ 4. Be2 Bg4 5. d4 Bxe2 6. Ngxe2 Qa5 7. 0-0 Nf6 8. d5 c6 9. b4 Qd8 10. Nf4 cxd5 11. Nfxd5 Nxd5 12. Nxd5 e6 13. Re1 Be7 14. Nxe7 Qxe7 15. Qg4 0-0 16. Bb2 f5 17. Qc4 Re8 18. Re3 Na6 19. a3 Rac8 20. Qd4 Qf7 21. Rae1 Nc7 22. Rg3 e5 23. Rxe5 Rxe5 24. Qxe5 Ne8 25. Rc3 Rxc3 26. Bxc3 Qd7 27. h3 Qd1+ 28. Kh2 Qd6 29. a4 Qxe5+ 30. Bxe5 Kf7 31. Kg3 g6 32. f4 Ke6 33. c4 a6 34. Kf3 h6 35. Ke3 g5 36. g3 gxf4+ 37. gxf4 h5 38. Kd4 Nd6 39. Bxd6 Kxd6 40. c5+ Ke6 41. b5 axb5 42. axb5 h4 43. b6 Kd7 44. Kd5 Kc8 45. Ke6 Kd8 46. Kxf5 Kd7 47. Ke5 Kc6 48. Kd4 Kd7 49. Kd5 Ke7 50. c6 bxc6+ 51. Kxc6 Kf6 52. b7 Kf5 53. b8Q Ke4 54. Qe5+ Kf3 55. Kd5 Kg3 56. Ke4 Kxh3 57. Kf3 1-0